000 00634nam a22001817a 4500
020 _qHard Cover.
082 _a621.3
100 _aZain, Murtaza, ; M. Imtiaz, Usama
245 _aDEEPPATH A DEEP LEARNING BASED ANALYTICS PLATFORM FORDIGTIAL PATHOLOGY /
_cZain Murtaza ; M. Usama Imtiaz
260 _aIslamabad :
_bSEECS - NUST,
_c2012.
300 _a53 p. : ill. ;
_c30cm.
563 _aHB
650 _aElectrical Engineering-BP-156
_930825
700 _aHassan Aqeel Khan.
_930826
856 _uhttp://10.250.8.41:8080/xmlui/handle/123456789/29585
942 _2ddc
_cPR
999 _c535896
_d535896